|
|
|
|
| LEADER |
00000nam0a2200000 4500 |
| 001 |
152171 |
| 005 |
20231101221615.0 |
| 035 |
|
|
|a (RuTPU)RU\TPU\book\164996
|
| 090 |
|
|
|a 152171
|
| 100 |
|
|
|a 20090129d1936 m y0rusy50 ca
|
| 101 |
1 |
|
|a rus
|c eng
|
| 102 |
|
|
|a RU
|
| 105 |
|
|
|a a z 001zy
|
| 200 |
1 |
|
|a Физико-химический практикум
|e пер. с англ.
|f В. Рэй, Дж. Рэйли
|g под ред. С. И. Скляренко
|
| 210 |
|
|
|a Москва
|c ОНТИ
|d 1936
|
| 215 |
|
|
|a 306 с.
|c ил.
|
| 320 |
|
|
|a Предм.-имен. указ.: с. 307-310.
|
| 320 |
|
|
|a Библиография в тексте.
|
| 606 |
1 |
|
|a Физическая химия
|2 stltpush
|3 (RuTPU)RU\TPU\subj\67669
|9 83390
|
| 610 |
1 |
|
|a практикумы
|
| 610 |
1 |
|
|a физико-химический анализ
|
| 610 |
1 |
|
|a графические методы
|
| 610 |
1 |
|
|a термостаты
|
| 610 |
1 |
|
|a калибрирование
|
| 610 |
1 |
|
|a термохимия
|
| 610 |
1 |
|
|a колориметрия
|
| 675 |
|
|
|a 544(076.5)
|v 3
|
| 700 |
|
1 |
|a Рэй
|b В.
|
| 701 |
|
1 |
|a Рэйли
|b Дж.
|
| 702 |
|
1 |
|a Скляренко
|b С. И.
|4 340
|
| 801 |
|
1 |
|a RU
|b 63413507
|c 20090129
|g PSBO
|
| 801 |
|
2 |
|a RU
|b 63413507
|c 20230403
|g RCR
|
| 942 |
|
|
|c BK
|